Creating successful e-learning : (Record no. 2037)
[ view plain ]
| 000 -LEADER | |
|---|---|
| fixed length control field | 01724nac a22002891u 4500 |
| 010 ## - LIBRARY OF CONGRESS CONTROL NUMBER | |
| LC control number | 2006004172 |
| 020 ## - INTERNATIONAL STANDARD BOOK NUMBER | |
| International Standard Book Number | 0787983004 (pbk.) |
| 020 ## - INTERNATIONAL STANDARD BOOK NUMBER | |
| International Standard Book Number | 9780787983000 |
| 035 ## - SYSTEM CONTROL NUMBER | |
| System control number | (OCoLC)ocm63680032 |
| 082 00 - DEWEY DECIMAL CLASSIFICATION NUMBER | |
| Classification number | 658.31240785 |
| Item number | Al531 |
| 090 ## - LOCALLY ASSIGNED LC-TYPE CALL NUMBER (OCLC); LOCAL CALL NUMBER (OCLC) | |
| -- | 2037 |
| -- | 2037 |
| 100 ## - MAIN ENTRY--PERSONAL NAME | |
| Personal name | Allen, Michael W., |
| 245 10 - TITLE STATEMENT | |
| Title | Creating successful e-learning : |
| Remainder of title | a rapid system for getting it right the first time, every time / |
| Statement of responsibility, etc | Michael W. Allen. |
| 260 ## - PUBLICATION, DISTRIBUTION, ETC. (IMPRINT) | |
| Place of publication, distribution, etc | San Francisco : |
| Name of publisher, distributor, etc | Pfeiffer,2006 |
| Date of publication, distribution, etc | 2006. |
| 300 ## - PHYSICAL DESCRIPTION | |
| Extent | xv, 190 p. : |
| Other physical details | ill. ; |
| Dimensions | 24 cm. |
| 440 #0 - | |
| -- | Pfeiffer essential resources for training and HR professionals |
| 490 1# - Series Statement | |
| Series statement | Michael Allen's e-learning library |
| 500 ## - GENERAL NOTE | |
| General note | Includes index. |
| 505 0# - FORMATTED CONTENTS NOTE | |
| Formatted contents note | The corporate skeptic -- Academic woes -- Hesitant explorers -- Grasping the whole challenge -- Lessons from ADDIE -- Making useful mistakes (ASAP) -- Inalienable risks -- Successive approximation overview -- Preparing for a savvy start -- Project kickoff -- Rapid design, prototyping, and review -- The objectives x treatments matrix -- Assessing context and constraints -- Completing design and planning development -- Develop, implement, evaluate. |
| 650 #0 - SUBJECT ADDED ENTRY--TOPICAL TERM | |
| Topical term or geographic name as entry element | Employees |
| General subdivision | Training of |
| -- | Computer-assisted instruction. |
| 650 #0 - SUBJECT ADDED ENTRY--TOPICAL TERM | |
| Topical term or geographic name as entry element | Instructional systems |
| General subdivision | Design. |
| 800 1# - SERIES ADDED ENTRY--PERSONAL NAME | |
| Personal name | Allen, Michael W., |
| Dates associated with a name | 1946- |
| 856 41 - ELECTRONIC LOCATION AND ACCESS | |
| Materials specified | Table of contents only |
| Uniform Resource Identifier | <a href="http://www.loc.gov/catdir/toc/ecip068/2006004172.html">http://www.loc.gov/catdir/toc/ecip068/2006004172.html</a> |
| 856 41 - ELECTRONIC LOCATION AND ACCESS | |
| Materials specified | Publisher description |
| Uniform Resource Identifier | <a href="http://www.loc.gov/catdir/enhancements/fy0659/2006004172-d.html">http://www.loc.gov/catdir/enhancements/fy0659/2006004172-d.html</a> |
| 942 ## - ADDED ENTRY ELEMENTS (KOHA) | |
| Item type | Book - Borrowing |
| Call number prefix | 658.31240785Al531 |
| Withdrawn status | Item status | Damaged status | Not for loan | Home library | Current library | Shelving location | Date acquired | Source of acquisition | Total Checkouts | Full call number | Barcode | Date last seen | Date last borrowed | Cost, replacement price | Koha item type |
|---|---|---|---|---|---|---|---|---|---|---|---|---|---|---|---|
| Central Library | Central Library | First floor | 07/02/2007 | Purchase | 6 | 658.31240785 ALL | 000002289 | 15/07/2025 | 20/11/2013 | 245.00 | Book - Borrowing |